MARC

Tag First Indicator Second Indicator Subfields
LEADER 00000cam a2200000Ia 4500
001 in00002285513
005 20190326194535.0
006 m | d |
007 cr |n||||||||n
008 880223s1718 enk s 000 0 eng d
010 |a nuc87731368  
040 |a ResP  |c GKS  |d RQM  |d OCL  |d Thomson Gale  |d UtOrBLW 
043 |a e-uk--- 
245 0 4 |a The state of the coin and credit of the kingdom. 
264 1 |a [London?] :  |b [publisher not identified],  |c [1718] 
300 |a 2 unnumbered pages ;  |c 35 cm. 
336 |a text  |b txt  |2 rdacontent 
337 |a computer  |b c  |2 rdamedia 
338 |a online resource  |b cr  |2 rdacarrier 
500 |a Caption title. 
500 |a Place and date of printing from Kress Lib. 
500 |a Reproduction of original from Kress Library of Business and Economics, Harvard University. 
500 |a Goldsmiths'-Kress number 05492.12. 
510 4 |a Hanson  |c 2427 
510 4 |a OCLC,  |c 20885856 
533 |a Electronic reproduction.  |b Farmington Hills, Mich. :  |c Thomson Gale,  |d 2005.  |f (The making of the modern world).  |n Available via the World Wide Web.  |n Access limited to licensing agreements.  |7 s2005 miunns 
500 |a Electronic resource. 
650 0 |a Debts, Public  |z Great Britain  |v Early works to 1800. 
650 0 |a Interest rates  |z Great Britain  |v Early works to 1800. 
650 0 |a Investments, Foreign  |z Great Britain  |v Early works to 1800. 
655 0 |a Electronic books. 
830 0 |a Making of the modern world (Goldsmiths'-Kress Library of Economic Literature) 
856 4 0 |u http://proxy.library.tamu.edu/login?url=http://galenet.galegroup.com/servlet/MOME?af=RN&ae=U100534693&srchtp=a&ste=14&locID=txshracd2898  |z Connect to the full text of this electronic book  |t 0 
999 |a MARS 
999 f f |s 3aa056c4-d636-3e6a-862d-3d843725919c  |i 9e90be8b-d258-3ccb-b3c2-5fc88ebe5675  |t 0 
952 f f |a Texas A&M University  |b College Station  |c Electronic Resources  |d Available Online  |t 0  |h No information provided 
998 f f |t 0  |l Available Online